Statistics for Guess the Taylor Swift song no hints #48

Click here to take the quiz!

General Stats

  • This quiz has been taken 53 times
  • The average score is 264 of 348

Answer Stats

Answer% Correct
I
100%
the
100%
You
100%
you
100%
a
97%
And
97%
and
97%
to
97%
To
97%
in
95%
It
95%
it
95%
my
95%
My
95%
on
95%
We
95%
we
95%
your
95%
Your
95%
for
92%
is
92%
me
92%
one
92%
we're
92%
were
92%
all
89%
All
89%
If
89%
no
89%
of
89%
so
89%
So
89%
was
89%
be
86%
can
86%
go
86%
it's
86%
that
86%
That
86%
But
84%
like
84%
not
84%
as
81%
Uh-huh
81%
will
81%
would
81%
at
78%
hand
78%
I'd
78%
Say
78%
with
78%
Always
76%
always
76%
back
76%
been
76%
got
76%
her
76%
lost
76%
never
76%
off
76%
some
76%
from
73%
over
73%
thought
73%
war
73%
Cause
70%
did
70%
great
70%
remember
70%
said
70%
yours
70%
bruised
68%
clover
68%
come
68%
hair
68%
night
68%
reached
68%
survived
68%
throughout
68%
violets
68%
anymore
65%
called
65%
down
65%
have
65%
knuckles
65%
nearly
65%
something
65%
up
65%
crimson
62%
fight
62%
into
62%
Looked
62%
memory
62%
really
62%
that's
62%
vowed
62%
bloodshed
59%
cry
59%
fire
59%
garden
59%
haze
59%
Maybe
59%
maybe
59%
plant
59%
playing
59%
prayer
59%
things
59%
wasn't
59%
battle
57%
better
57%
bigger
57%
blue
57%
desire
57%
honor
57%
more
57%
Somewhere
57%
Sucker
57%
took
57%
truth
57%
turned
57%
worst
57%
betrayed
54%
dream
54%
fair
54%
good
54%
place
54%
poppy
54%
punching
54%
sense
54%
sweet
54%
There's
54%
triggers
54%
troops
54%
trust
54%
walls
54%
blur
51%
faith
51%
finger
51%
talking
51%
tears
51%
cursed
49%
diesel
49%
drew
49%
ego
49%
Flashes
49%
freely
49%
glory
49%
ground
49%
icy
49%
morning
49%
past
49%
pin
49%
punish
49%
Screaming
49%
sleep-talked
49%
solemn
49%
alone
46%
Broken
46%
close
46%
curtains
46%
swinging
46%
Telling
46%
treaties
46%
burning
43%
closed
43%
justified
43%
letter
43%
poison
43%
silence
41%
Soldier
41%
underground
41%
banners
38%
burned
38%
crypt
38%
drank
38%
tomb
38%
bombs
35%
embers
35%
Spineless
32%
Tore
32%

Score Distribution

Percentile by Number Answered

Percent of People with Each Score

Your Score History

You have not taken this quiz